| 000 | 00609cab a2200241 4500 | ||
|---|---|---|---|
| 001 | ABS60303 | ||
| 008 | 090401t1999 xxu||||| |||| 00| 0 eng d | ||
| 035 | _a(Sirsi) u92515 | ||
| 041 | _aeng | ||
| 100 | _aBurton, M. | ||
| 245 | _aEight new beginnings | ||
| 260 | _c1999 | ||
| 350 | _a0 | ||
| 490 |
_aMunicipal Journal _v26 March 1999, 21-23(3) |
||
| 650 | _aECONOMIC REGENERATION | ||
| 650 | _aLOCAL AUTHORITIES | ||
| 650 | _aRDAS | ||
| 650 | _aREGIONAL DEVELOPMENT AGENCIES | ||
| 650 | _aREGIONAL DEVELOPMENT | ||
| 690 | _aPROPERTY-PROPERTY DEVELOPMENT | ||
| 942 | _n0 | ||
| 948 | _c01/04/1999 | ||
| 999 |
_c58643 _d58643 |
||